000 00780nas a2200241 i 4500
001 1949
003 ES-MaACL
005 20250807062539.0
008 950801d19281938gw m| | 1 ||pa d
080 _a61
245 0 0 _aRevista médica germano ibero americana.
260 _aLeipzig :
_bGeorg Thierne,
_c1928-1938 (
_fOscar Brandsietter)
300 _a6 v. :
_bgrab ;
_c24 cm.
310 _aMensual
362 0 _aAño I (1928)--año 11, n. 12 (dic. 1938)
580 _aFusión de: Revista médica de Hamburgo, y de: La Medicina germano-hispano-americana.
650 1 7 _aMedicina
_2embne
_914891
700 1 _aBrauer, L.
_931408
700 0 _aBergmann, Gustav von.
_927997
852 _aES-MaACL
_jHem-384
866 0 _o1930-34(1935f.mar.-ago.)(1936).
999 _c1949
_d1949